00923 2200301 4500001002100000005001500021035002000036007000300056008004100059020002200100040002200122082001400144084001600158090002200174100003100196245008000227250003900307300005100346650002200397850001200419504003600431264003600467336002100503337003000524338002300554999002200577990002200599INLIS00000000086096020210611085820 a0010-0621000495ta210505t2021 yoia g ind d a978-623-228-909-3 aYOPDYOGbinderda04223a949.5 a949.5 SUL y aCB-D.11 2021-04470 aSuluh Edhi Wibowoepenulis10aYunani kuno : realitas historis dan mitologis /cpenulis, Suluh Edhi Wibowo aEdisi kedua, Cetakan pertama, 2021 axii, 224 halaman :bilustrasi, gambar ;c24 cm 4aYunani--xSejarah aYOPDYOG aBibliografi : halaman [241]-24431aYogyakarta :bGraha Ilmu,c2021 2rdacontentateks 2rdamediaatanpa perantara 2rdacarrieravolume aCB-D.11/2021-0447 aCB-D.11/2021-0447